ប្រវត្តិភ្នំសំពៅ : (Record no. 8998)
[ view plain ]
| 000 -LEADER | |
|---|---|
| fixed length control field | 03869nam a22003137a 4500 |
| 001 - CONTROL NUMBER | |
| control field | 8998 |
| 003 - CONTROL NUMBER IDENTIFIER | |
| control field | FISKH |
| 005 - DATE AND TIME OF LATEST TRANSACTION | |
| control field | 20251113110254.0 |
| 008 - FIXED-LENGTH DATA ELEMENTS--GENERAL INFORMATION | |
| fixed length control field | 251113b cb ||||| |||| 00| 0 eng d |
| 020 ## - INTERNATIONAL STANDARD BOOK NUMBER | |
| International Standard Book Number | 9789995088835 |
| 040 ## - CATALOGING SOURCE | |
| Original cataloging agency | FISKH |
| Language of cataloging | khr |
| Transcribing agency | FISKH |
| Modifying agency | FISKH |
| 050 ## - LIBRARY OF CONGRESS CALL NUMBER | |
| Classification number | PZ7 |
| 082 ## - DEWEY DECIMAL CLASSIFICATION NUMBER | |
| Classification number | 959.604 |
| 100 ## - MAIN ENTRY--PERSONAL NAME | |
| Personal name | Sotheary, Kimsun |
| 245 ## - TITLE STATEMENT | |
| Title | ប្រវត្តិភ្នំសំពៅ : |
| Remainder of title | History of Phnom Sompov hill / |
| Statement of responsibility, etc. | រៀបរៀងដោយ អ្នកស្រី គឹមស៊ុន សុធារី |
| 260 ## - PUBLICATION, DISTRIBUTION, ETC. | |
| Place of publication, distribution, etc. | Phnom Penh : |
| Name of publisher, distributor, etc. | Reading Books , |
| Date of publication, distribution, etc. | 2007. |
| 300 ## - PHYSICAL DESCRIPTION | |
| Extent | 20 pages : |
| Other physical details | color illustrations ; |
| Dimensions | 25 cm . |
| 490 ## - SERIES STATEMENT | |
| Series statement | ពីភពរឿងនិទាន |
| 505 ## - FORMATTED CONTENTS NOTE | |
| Formatted contents note | K <br/> |
| 520 ## - SUMMARY, ETC. | |
| Summary, etc. | នាង សុវណ្ណមសារើសបានពងក្រពើមួយមានឈ្មោះថា អាធន ។ ចំណេរក្រោយមកព្រះបាទរាជកុលបានចាប់ចិត្តស្រលាញ់នាងដែលជាកូនអ្នកក្រ តែមានរូបសម្បត្តិស្អាតបាត ។តែដោយសារតែនាងជាកូនរាស្រ្តសាមញ្ញទើបទ្រង់មិនចង់រៀបអភិសេកជាមួយនាង ។ ទ្រង់ក៏សម្រេចចិត្តអភិសេកជាមួយនាងរំសាយសក់ដែលមានសក់ទិព្វ ដែលជារាជបុត្រីរបស់ស្តេចក្រុងចន្ទបុរី ។ ព្រះរាជបុត្រាបញ្ជាអោយពលសេនារៀបចំបណ្ណាការដាក់ក្នុងសំពៅដើម្បីដណ្តឺងនាងរំសាយសក់ ។ ក្រោយដឹងដំណឹងនេះនាងសុវណ្ណមសាបានអោយក្រពើអាធនទៅឃាត់សំពៅនោះ ។ នាងរំសាយសក់ក៏មកជួយទ្រង់ដោយច្បូតព្រះកេសាអោយទឹកសមុទ្ររីងស្ងួតទៅជាដីគោកទាំងអស់។ សំពៅក៏ជាប់ក្នុងដីក៏កើតជាភ្នំមានរូបរាងដូចសំពៅ ទើបគេហៅថាភ្នំសំពៅមកដល់សព្វថ្ងៃ ។ |
| 520 ## - SUMMARY, ETC. | |
| Summary, etc. | A young woman named Sovann Mosa once found a crocodile egg, which later hatched into a crocodile she named Athon.<br/>Later on, King Reajkol fell in love with Sovann Mosa, even though she was a poor commoner, because she was exceptionally beautiful. However, since she was not of royal blood, the king decided not to marry her. Instead, he chose to marry Princess Romsay Sok, a royal princess from the Kingdom of Chandaborey, who possessed magical hair.<br/>The king ordered his soldiers to prepare a royal boat and send it to escort Princess Romsay Sok. When Sovann Mosa heard this news, she asked her crocodile, Athon, to stop the boat.<br/>Princess Romsay Sok, realizing what had happened, used her divine power by plucking out a strand of her magical hair and striking the sea, causing the ocean to dry up and turn into land. The royal boat became stuck in the newly formed land, and that land rose up into a mountain shaped like a boat.<br/>From that time on, people called it Phnom Sampov — the Boat Mountain — as it is still known today. |
| 521 8# - TARGET AUDIENCE NOTE | |
| Target audience note | 520 <br/> |
| Source | Lexile estimate <br/> |
| 521 8# - TARGET AUDIENCE NOTE | |
| Target audience note | K <br/> |
| Source | Raz-Plus <br/> |
| 650 ## - SUBJECT ADDED ENTRY--TOPICAL TERM | |
| Topical term or geographic name entry element | ប្រវត្តិភ្នំសំពៅ |
| Form subdivision | រឿងប្រវត្តិសាស្រ្រ |
| 650 ## - SUBJECT ADDED ENTRY--TOPICAL TERM | |
| Topical term or geographic name entry element | History of Phnom Sompov mountain |
| Form subdivision | Historical story |
| 700 ## - ADDED ENTRY--PERSONAL NAME | |
| Personal name | San, Thai |
| Relator term | Illustrator |
| 942 ## - ADDED ENTRY ELEMENTS (KOHA) | |
| Source of classification or shelving scheme | Dewey Decimal Classification |
| Koha item type | Khmer Books |
| Suppress in OPAC | No |
| Withdrawn status | Lost status | Source of classification or shelving scheme | Damaged status | Not for loan | Collection | Home library | Current library | Shelving location | Date acquired | Total Checkouts | Full call number | Barcode | Date last seen | Copy number | Price effective from | Koha item type |
|---|---|---|---|---|---|---|---|---|---|---|---|---|---|---|---|---|
| Dewey Decimal Classification | Khmer-English Bilingual / ភាសាខ្មែរ-អង់គ្លេស | Footprints International School Library Network Toul Tom Poung Campus | Footprints International School Library Network Toul Tom Poung Campus | TTP Primary Khmer Bookshelves | 11/13/2025 | SOT PZ7 959.604 | FIS04411 | 11/13/2025 | 1 | 11/13/2025 | Khmer Books | |||||
| Dewey Decimal Classification | Khmer-English Bilingual / ភាសាខ្មែរ-អង់គ្លេស | Footprints International School Library Network Toul Tom Poung Campus | Footprints International School Library Network Toul Tom Poung Campus | TTP Primary Khmer Bookshelves | 11/13/2025 | SOT PZ7 959.604 | FIS04436 | 11/13/2025 | 2 | 11/13/2025 | Khmer Books |
